000 00741nam a22001937a 4500
008 090305t xxu||||| |||| 00| 0 eng d
010 _aENG-93101
020 _c50.00
_a9788190672207
035 _aEN-76634
037 _bDBAD / PUB
040 _adpl
_bEnglish
082 _a004.76
100 _aSoranamageswari, M.
245 _aKeyboard shortcuts /
_cby M. Soranamageswari
260 _aCoimbatore
_bVaghai Publishers
_c2008
300 _a96p.
_c20cm (pbk)
942 _2ddc
_cEN
_mSOR
_h004.76
999 _c24902
_d24902